Motor Vehicles Act with ready referencer (Record no. 69151)

MARC details
000 -LEADER
fixed length control field 00364nam a2200145Ia 4500
008 - FIXED-LENGTH DATA ELEMENTS--GENERAL INFORMATION
fixed length control field 230917s9999||||xx |||||||||||||| ||und||
040 ## - CATALOGING SOURCE
-- 150188
Original cataloging agency VIVEKANANDA LIBRARY
041 ## - Language
-- English
082 ## - DDC NUMBER
Classification number 343.0944 A67M
100 ## - MAIN ENTRY--PERSONAL NAME
Personal name Arora, J C
245 #0 - TITLE STATEMENT
Title Motor Vehicles Act with ready referencer
260 ## - PUBLICATION, DISTRIBUTION, ETC. (IMPRINT)
Place of publication, distribution, etc Rohtak
Name of publisher, distributor, etc Bright Law House
Date of publication, distribution, etc n.d.
300 ## - PHYSICAL DESCRIPTION
Pages 471 p.
942 ## - ADDED ENTRY ELEMENTS (KOHA)
Koha item type Books
Holdings
Withdrawn status Lost status Damaged status Not for loan Location (home branch) Sublocation or collection (holding branch) Date acquired Koha issues (times borrowed) Koha full call number Accession No. Koha date last seen Koha item type
        VIVEKANANDA LIBRARY VIVEKANANDA LIBRARY 01/04/2010   343.0944 A67M 142261 17/09/2023 Books
© Designed and Maintained by Vivekananda Library, MDU Rohtak